| 000 | 04016cam a22012014i 4500 | ||
|---|---|---|---|
| 003 | PE-LiUPU | ||
| 005 | 20250813185412.0 | ||
| 008 | 171228s2017 xxua rb 000 0 eng d | ||
| 020 | _a9781932792270 | ||
| 035 | _a(Sirsi) a240817 | ||
| 040 |
_aPE-LiUPU _bspa _cPE-LiUPU _erda |
||
| 049 | _aPRUA | ||
| 082 | 0 | 4 |
_a378.071673 _bT46 _223 |
| 245 | 0 | 4 |
_aThe future of Baptist higher educationi / _cDonald D. Schmeltekopf and Dianna M. Vitanza, editores. |
| 264 | 1 |
_aTexas : _bBaylor University Press; _c2006 |
|
| 300 |
_aX, 274 páginas: _bilustraciones ; _c23 centímetros |
||
| 336 |
_atext _2rdacontent |
||
| 337 |
_aunmediated _2rdamedia |
||
| 338 |
_avolume _2rdacarrier |
||
| 504 | _aÍndice : páginas 265-274. | ||
| 505 | 0 | _aBaptist identity and Christian higher education / Donald D. Schmeltekopf and Dianna M. Vitanza -- Integrating faith and learning in an ecumenical context / David P. Gushee -- Building on a shared identity within a shared history / William E. Hull -- Fostering dissent in the postmodern academy / Bill J. Leonard -- Blending Baptist with orthodox in the Christian university / David S. Dockery -- Who will our students be in a postmodern, postdenominational, and materialistic age? / Richard Franklin -- Religious identity, academic reputation, and attracting the best faculty and students / Larry Lyon -- Is higher education a justifiable mission of Baptist churches and Baptist bodies? / James C. Denison -- Can Baptist institutions of higher education meet the needs of increasingly diverse constituencies? / Albert Reyes -- Can Baptist institutions of higher education meet the needs of youth in a post-9/11 world? / Denton Lotz -- To whom are Baptist colleges and universities accountable? Response 1 / Daniel Vestal ; Response 2 / R. Kirby Godsey -- The university, the church, and the culture / Thomas E. Corts -- The future of Baptist higher education: secular or religious? / Martin E. Marty -- Can the secular be sanctified? / Curtis W. Freeman. | |
| 526 | _aP202 | ||
| 526 | _aP201 | ||
| 526 | _aP163 | ||
| 526 | _aP162 | ||
| 526 | _aP161 | ||
| 526 | _aP160 | ||
| 526 | _aP148 | ||
| 526 | _aP147 | ||
| 526 | _aP146 | ||
| 526 | _aP145 | ||
| 526 | _aP144 | ||
| 526 | _aP143 | ||
| 526 | _aP142 | ||
| 526 | _aP141 | ||
| 526 | _aP140 | ||
| 526 | _aP139 | ||
| 526 | _aP138 | ||
| 526 | _aP137 | ||
| 526 | _aP136 | ||
| 526 | _aP135 | ||
| 526 | _aP134 | ||
| 526 | _aP133 | ||
| 526 | _aP129 | ||
| 526 | _aP128 | ||
| 526 | _aP127 | ||
| 526 | _aP120 | ||
| 526 | _aP119 | ||
| 526 | _aP118 | ||
| 526 | _aP116 | ||
| 526 | _aP115 | ||
| 526 | _aP114 | ||
| 526 | _aP110 | ||
| 526 | _aP109 | ||
| 526 | _aP108 | ||
| 526 | _aP104 | ||
| 526 | _aP103 | ||
| 526 | _aP102 | ||
| 526 | _aP99 | ||
| 526 | _aP98 | ||
| 526 | _aP97 | ||
| 526 | _aP96 | ||
| 526 | _aP95 | ||
| 526 | _aP93 | ||
| 526 | _aP90 | ||
| 526 | _aP89 | ||
| 526 | _aP88 | ||
| 526 | _aP83 | ||
| 526 | _aP82 | ||
| 526 | _aP62 | ||
| 526 | _aP59 | ||
| 526 | _aP58 | ||
| 526 | _aP57 | ||
| 526 | _aP51 | ||
| 526 | _aP49 | ||
| 526 | _aP48 | ||
| 526 | _aP47 | ||
| 526 | _aP29 | ||
| 526 | _aP24 | ||
| 526 | _aP20 | ||
| 526 | _aP19 | ||
| 526 | _aP17 | ||
| 526 | _aP15 | ||
| 526 | _aP14 | ||
| 526 | _aP12 | ||
| 526 | _aP10 | ||
| 526 | _aP09 | ||
| 526 | _aP08 | ||
| 526 | _aP07 | ||
| 526 | _aP06 | ||
| 526 | _aP05 | ||
| 526 | _aP04 | ||
| 526 | _aP01 | ||
| 650 | 0 | 4 | _aBaptist universities and colleges. |
| 650 | 0 | 4 | _aUniversidades y universidades bautistas. |
| 700 | 1 |
_aSchmeltekopf, Donald D., _eeditor. |
|
| 700 | 1 |
_aVitanza, Dianna M., _eeditor. |
|
| 910 |
_adbm _bksl _cksl _d20171228 |
||
| 596 | _a1 | ||
| 942 |
_2ddc _cBOOK |
||
| 999 |
_a378.071673 T46 _wLC _c26507 _i77907 _f2021-11-8 _g4 _lCCODEBUL1 _mBUL _p24.47 _r0 _sY _tBOOK _u2017-12-28 _xEDUCACION _PP85 _0COMPRA _o.STAFF. Colección Teología _d26507 |
||
| 980 |
_81 _gALBERTO SANCHEZ Responsable de Automatización |
||